MARC

LEADER 00000nam0a2200000 4500
001 232164
005 20231101231140.0
035 |a (RuTPU)RU\TPU\book\253196 
090 |a 232164 
100 |a 20130208d1987 km y0rusy50 ca 
101 0 |a rus 
102 |a RU 
105 |a y z 001zy 
200 1 |a Общие принципы квантовой теории поля  |f Н. Н. Боголюбов [и др.] 
210 |a Москва  |c Наука  |d 1987 
215 |a 616 с. 
320 |a Библиогр.: с. 570-603. 
320 |a Предметный указатель: с. 606-610. 
606 1 |a Квантовая теория поля  |2 stltpush  |3 (RuTPU)RU\TPU\subj\14222  |9 40678 
610 1 |a физика 
610 1 |a теоретическая физика 
610 1 |a квантовая физика 
610 1 |a квантовые поля 
610 1 |a исследования 
610 1 |a принципы 
675 |a 530.145  |v 3 
701 1 |a Боголюбов  |b Н. Н.  |g Николай Николаевич 
701 1 |a Логунов  |b А. А.  |g Анатолий Алексеевич 
701 1 |a Оксак  |b А. И.  |g Анатолий Иванович 
701 1 |a Тюдоров  |b И. П. 
801 1 |a RU  |b 63413507  |c 20130208 
801 2 |a RU  |b 63413507  |c 20140926  |g RCR 
942 |c BK